000 00743nam a2200217 i 4500
001 186602
003 SpMaBN
005 20250824032255.0
008 161205n1929 sp ac |||| | spa d
080 _a792(09)
100 1 _aFerran Torras, J.
_9161404
245 1 0 _aHistoria del teatro /
_cJ. Ferran Torras ; clisés cedidos por la revista "El Imán".
250 _a1ª ed.
260 _aBarcelona :
_bArte y Cinematografia,
_c[ca. 1929] (
_fTip. Catalana])
300 _a286 p. :
_bil., retr. ;
_c21 cm.
490 1 _aBiblioteca de "Arte y cinematografia"
650 0 4 _aTeatro-
_xHistoria
_917311
830 0 _aBiblioteca de "Arte y cinematografia"
_9225439
852 _aES-MaACL
_jL-30986
_z- enc. cart.
999 _c186602
_d186602